• 首页
  • 本馆介绍
  • 公告通知
  • 最新文献
  • 馆藏检索
  • 电子资源
  • 读者导购
  • 参考咨询
  • 我的图书馆
  • 登录
  • 详细信息显示
  • 放入我的书架
  • 预约/预借图书
  • 作者相关作品
  • 分类相关作品
  • 丛书相关作品
  • 出版社相关作品

书目信息

  • 表格格式
  • 工作单格式
  • 卡片格式
题名:
气质论
    
 
作者: 切斯 , 托马斯 著 ;谭碧云 译
分册:  
出版信息: 上海   上海社会科学院出版社  2017
页数: 243页
开本: 22cm
丛书名:
单 册:
中图分类: B848.1
科图分类:
主题词: 气质--通俗读物
电子资源:
ISBN: 978-7-5520-1937-7
000 01118nam0 2200253 450
001 5764
005 20180529221503.38
010    @a978-7-5520-1937-7@b精装@dCNY42.80
100    @a20171018d2017 em y0chiy50 ea
101 1  @achi@ceng
102    @aCN@b310000
105    @ay z 000yy
200 1  @a气质论@9qi zhi lun@dTemperament theory and practice@f(美)斯泰拉·切斯(Stella Chess),(美)亚历山大·托马斯(Alexander Thomas)著@g谭碧云译@zeng
210    @a上海@c上海社会科学院出版社@d2017
215    @a243页@d22cm
330    @a本书各章涵盖了了解气质的临床访谈以及拟合优度在气质上的概念,还有父母指引,父母与儿童教育,学生行为表现,儿科实践,护理实践,儿童、青少年与成人心理治疗,生理学研究,文化影响,以及其他一些内容。本书结尾对成长心理学将来的发展趋势做了非常有启发意义的展望。
510 1  @aTemperament theory and practice@zeng
606 0  @a气质@j通俗读物
690    @aB848.1@v5
701  0 @c(美)@a切斯@9qie si@c(医学,Chess, Stella)@4著
701  0 @c(美)@a托马斯@9tuo ma si@c(医学,Thomas, Alexander)@4著
702  0 @a谭碧云@9tan bi yun@4译
801  0 @aCN@b91MARC@c20171018
905    @aMuseLib@dB848.1@e2020
    
    气质论=Temperament theory and practice/(美)斯泰拉·切斯(Stella Chess),(美)亚历山大·托马斯(Alexander Thomas)著/谭碧云译.-上海:上海社会科学院出版社,2017
    243页;22cm
    
    
    ISBN 978-7-5520-1937-7(精装):CNY42.80
    本书各章涵盖了了解气质的临床访谈以及拟合优度在气质上的概念,还有父母指引,父母与儿童教育,学生行为表现,儿科实践,护理实践,儿童、青少年与成人心理治疗,生理学研究,文化影响,以及其他一些内容。本书结尾对成长心理学将来的发展趋势做了非常有启发意义的展望。
●
相关链接 在E读中查询图书 在五车中查询图书 在当当中查询图书 在豆瓣中查询图书


正题名:气质论     索取号:B848.1/2020         预约/预借

序号 登录号 条形码 馆藏地/架位号 状态 备注
1 1063366   210633661   第一样本阅览室/ [索取号:B848.1/2020] 在馆    
2 1063367   210633670   第一借阅区/ [索取号:B848.1/2020] 在馆    
3 1063368   210633689   第一借阅区/ [索取号:B848.1/2020] 在馆    
4 1063369   210633698   第一借阅区/ [索取号:B848.1/2020] 在馆    
5 1063370   210633705   密集书库-史法系/ [索取号:B848.1/2020] 在馆    
6 1063371   210633714   第一借阅区/ [索取号:B848.1/2020] 在馆    
7 1114822   211148220   第一借阅区/ [索取号:B848.1/2020] 在馆    
8 1114823   211148239   教育系资料室/ [索取号:B848.1/2020] 在馆    
9 1114824   211148248   教育系资料室/ [索取号:B848.1/2020] 在馆    
10 1114825   211148257   教育系资料室/ [索取号:B848.1/2020] 在馆    
11 1114826   211148266   第一借阅区/ [索取号:B848.1/2020] 在馆    
12 1114827   211148275   第一借阅区/ [索取号:B848.1/2020] 在馆    
唐山师范学院图书馆 欢迎您!
大连网信软件有限公司© 版权所有